[Event "Seville op 44th"]
[Site "Seville"]
[Date "2019.01.19"]
[Round "9"]
[White "Ertan, Can"]
[Black "Insa Alfonso, Pablo"]
[Result "1-0"]
[WhiteElo "2421"]
[BlackElo "2301"]
[PlyCount "63"]
[EventDate "2019.01.11"]
[EventType "swiss"]
[EventRounds "9"]
[EventCountry "ESP"]
[SourceTitle "CBM 188 Extra"]
[Source "ChessBase"]
[SourceDate "2019.02.26"]
[SourceVersion "1"]
[SourceVersionDate "2019.02.26"]
[SourceQuality "1"]

1. e4 c5 2. Nf3 d6 3. c3 Nf6 4. Qc2 g6 5. d4 Bg7 6. dxc5 dxc5 7. Be3 Qc7 8. h3 0-0 9. Nbd2 b6 10. Bc4 Nc6 11. 0-0 Na5 12. Be2 Bb7 13. Rac1 Rac8 14. Qb1 c4 15. Nd4 a6 16. b4 cxb3 17. axb3 Nc6 18. b4 Nd7 19. Rfd1 Nxd4 20. cxd4 Qb8 21. Nc4 b5 22. Na5 Nb6 23. Nb3 Rxc1 24. Rxc1 f5 25. d5 Na4 26. Nc5 Nc3 27. Rxc3 Bxc3 28. Qb3 Bg7 29. d6+ Kh8 30. dxe7 Re8 31. Qf7 Rg8 32. Nxb7 1-0

[Event "Seville op 44th"]
[Site "Seville"]
[Date "2019.01.16"]
[Round "6"]
[White "Insa Alfonso, Pablo"]
[Black "Harutjunyan, Gevorg"]
[Result "1-0"]
[WhiteElo "2301"]
[BlackElo "2476"]
[PlyCount "95"]
[EventDate "2019.01.11"]
[EventType "swiss"]
[EventRounds "9"]
[EventCountry "ESP"]
[SourceTitle "CBM 188 Extra"]
[Source "ChessBase"]
[SourceDate "2019.02.26"]
[SourceVersion "1"]
[SourceVersionDate "2019.02.26"]
[SourceQuality "1"]

1. e4 c5 2. Nf3 e6 3. d4 cxd4 4. Nxd4 a6 5. g3 h5 6. h3 Qc7 7. Bg2 Nf6 8. 0-0 Nc6 9. c4 h4 10. g4 Nxd4 11. Qxd4 Bc5 12. Qd3 d6 13. Nc3 Nd7 14. b3 Ne5 15. Qe2 Bd7 16. Bb2 g5 17. a3 Rc8 18. Rad1 Qb8 19. Nb1 Rg8 20. b4 Ba7 21. Nd2 Ng6 22. e5 Nf4 23. Qe4 Rg6 24. Qxb7 Nxh3+ 25. Kh2 Nxf2 26. Rxf2 Bxf2 27. Ne4 Bg3+ 28. Kh3 Qxb7 29. Nxd6+ Ke7 30. Bxb7 Rc7 31. Bxa6 Ba4 32. Rf1 Kf8 33. b5 Rd7 34. c5 f5 35. c6 Rh7 36. Ne4 Bf4 37. Nc5 fxg4+ 38. Kxg4 Bc2 39. b6 h3 40. c7 Rh4+ 41. Kf3 Kg7 42. c8Q Bf5 43. b7 Rg4 44. Ne4 Rg2 45. Nf2 Rg3+ 46. Ke2 Re3+ 47. Kd1 g4 48. b8Q 1-0

[Event "ESP-chT CECLUB Div2"]
[Site "Linares"]
[Date "2018.08.18"]
[Round "7.5"]
[White "Sanchez Jerez, Emilio Miguel"]
[Black "Insa Alfonso, Pablo"]
[Result "0-1"]
[WhiteElo "2246"]
[BlackElo "2274"]
[PlyCount "128"]
[EventDate "2018.08.14"]
[EventType "team-swiss"]
[EventRounds "7"]
[EventCountry "ESP"]
[SourceTitle "CBM 186 Extra"]
[Source "ChessBase"]
[SourceDate "2018.08.24"]
[SourceVersion "1"]
[SourceVersionDate "2018.08.24"]
[SourceQuality "1"]
[WhiteTeam "Beniajan Duochess CAC II"]
[BlackTeam "Manises Eva"]
[WhiteTeamCountry "ESP"]
[BlackTeamCountry "ESP"]

1. e4 c6 2. Nc3 d5 3. Nf3 Bg4 4. h3 Bxf3 5. Qxf3 e6 6. g3 Qf6 7. Qe2 dxe4 8. Nxe4 Qg6 9. Bg2 Nd7 10. d4 Ngf6 11. Bf4 Qh5 12. Nd6+ Bxd6 13. Bxd6 Qxe2+ 14. Kxe2 0-0-0 15. Rhd1 Nd5 16. a4 N7b6 17. Bc5 Nc4 18. Rdb1 b6 19. Ba3 a5 20. c3 Rhe8 21. Kd3 Nxa3 22. bxa3 Kc7 23. Rb3 e5 24. Rab1 exd4 25. cxd4 Re6 26. Bxd5 cxd5 27. Rc1+ Rc6 28. Rcb1 Rdd6 29. Re1 Kd7 30. Reb1 Rf6 31. f4 Rg6 32. g4 Rh6 33. Kd2 Rc4 34. Rd3 Rxa4 35. g5 Rc6 36. f5 Rac4 37. Ke3 Rc1 38. Rxc1 Rxc1 39. Kf4 Re1 40. f6 Re4+ 41. Kf3 gxf6 42. gxf6 a4 43. Rd1 Ke6 44. Rb1 Rxd4 45. Rxb6+ Kf5 46. Ke2 Re4+ 47. Kd2 Re6 48. Rb5 Ke4 49. Rb4+ d4 50. Rxa4 Rxf6 51. Ra7 Rf2+ 52. Ke1 Rh2 53. Rxf7 Rxh3 54. a4 Kd3 55. a5 Rh1+ 56. Kf2 Ra1 57. Rxh7 Rxa5 58. Re7 Kc3 59. Ke2 Ra2+ 60. Kf3 d3 61. Rc7+ Kd2 62. Ke4 Ra4+ 63. Kf3 Ra8 64. Kf2 Rf8+ 0-1

[Event "ESP-chT CECLUB Div2"]
[Site "Linares"]
[Date "2018.08.15"]
[Round "3.4"]
[White "Insa Alfonso, Pablo"]
[Black "Castella Garcia, Fausto"]
[Result "1/2-1/2"]
[WhiteElo "2274"]
[BlackElo "2344"]
[PlyCount "80"]
[EventDate "2018.08.14"]
[EventType "team-swiss"]
[EventRounds "7"]
[EventCountry "ESP"]
[SourceTitle "CBM 186 Extra"]
[Source "ChessBase"]
[SourceDate "2018.08.24"]
[SourceVersion "1"]
[SourceVersionDate "2018.08.24"]
[SourceQuality "1"]
[WhiteTeam "Manises Eva"]
[BlackTeam "Xeraco CE"]
[WhiteTeamCountry "ESP"]
[BlackTeamCountry "ESP"]

1. e4 c5 2. c4 Nc6 3. Ne2 g6 4. g3 Bg7 5. Bg2 e6 6. Nbc3 Nge7 7. 0-0 0-0 8. d3 d6 9. Bg5 h6 10. Be3 Nd4 11. b4 Nxe2+ 12. Nxe2 Qc7 13. Rc1 e5 14. Qd2 Kh7 15. f4 exf4 16. Bxf4 g5 17. Be3 Bg4 18. Nc3 cxb4 19. Nb5 Qd7 20. Qxb4 a6 21. Nxd6 Nc6 22. Qa3 Nd4 23. Bxd4 Bxd4+ 24. Kh1 Rad8 25. e5 Bxe5 26. Nxb7 Rb8 27. Rce1 Qc7 28. Qc5 Qxc5 29. Nxc5 Bc3 30. Re4 Bc8 31. Re7 Kg6 32. Ne4 Bb4 33. Rf6+ Kg7 34. Rc7 Ba5 35. Rc5 Bb4 36. Rc7 Ba5 37. Rc5 Bb4 38. Rcc6 Bb7 39. Rxh6 f6 40. Rb6 Be7 1/2-1/2

[Event "ESP-chT CECLUB Div2"]
[Site "Linares"]
[Date "2018.08.15"]
[Round "2.1"]
[White "Muzychuk, Mariya"]
[Black "Insa Alfonso, Pablo"]
[Result "1-0"]
[WhiteElo "2528"]
[BlackElo "2274"]
[PlyCount "98"]
[EventDate "2018.08.14"]
[EventType "team-swiss"]
[EventRounds "7"]
[EventCountry "ESP"]
[SourceTitle "CBM 186 Extra"]
[Source "ChessBase"]
[SourceDate "2018.08.24"]
[SourceVersion "1"]
[SourceVersionDate "2018.08.24"]
[SourceQuality "1"]
[WhiteTeam "Paterna Laboratorio SyS"]
[BlackTeam "Manises Eva"]
[WhiteTeamCountry "ESP"]
[BlackTeamCountry "ESP"]

1. e4 c6 2. Nc3 d5 3. Nf3 Bg4 4. h3 Bxf3 5. Qxf3 e6 6. Be2 Nd7 7. 0-0 dxe4 8. Nxe4 Ngf6 9. d4 Nxe4 10. Qxe4 Nf6 11. Qd3 Bd6 12. c4 Qc7 13. Bf3 Bh2+ 14. Kh1 Bf4 15. d5 0-0-0 16. Qa3 exd5 17. cxd5 Nxd5 18. Qxa7 h5 19. Bxf4 Nxf4 20. Rac1 Rh6 21. b4 Nd3 22. Rcd1 Rhd6 23. Bxh5 g6 24. Bf3 Nxb4 25. Rxd6 Rxd6 26. Re1 Rd8 27. Kg1 Nd3 28. Rd1 Qe5 29. Rb1 Nc5 30. Qa8+ Kc7 31. Qa5+ Kc8 32. Re1 Qd4 33. Re7 Kb8 34. Qc7+ Ka8 35. Bxc6 Qd1+ 36. Kh2 Qd6+ 37. Qxd6 Rxd6 38. Bf3 f5 39. Rc7 Ne4 40. Bxe4 fxe4 41. Rc2 Rd3 42. Re2 Ra3 43. h4 Ra4 44. Kg3 Kb8 45. Kg4 Kc7 46. Kg5 Kd6 47. Kxg6 e3 48. Kg5 Ra8 49. Kf4 Kd5 1-0

[Event "Sueca op 3rd"]
[Site "Sueca"]
[Date "2017.07.30"]
[Round "8"]
[White "Insa Alfonso, Pablo"]
[Black "Crecente Penalba, Jose Manuel"]
[Result "1-0"]
[WhiteElo "2228"]
[BlackElo "2144"]
[PlyCount "99"]
[EventDate "2017.07.24"]
[EventType "swiss"]
[EventRounds "8"]
[EventCountry "ESP"]
[SourceTitle "CBM 179 Extra"]
[Source "ChessBase"]
[SourceDate "2017.08.23"]
[SourceVersion "1"]
[SourceVersionDate "2017.08.23"]
[SourceQuality "1"]

1. e4 d5 2. exd5 Qxd5 3. Nc3 Qd6 4. d4 Nf6 5. Nf3 g6 6. Ne5 Bg7 7. Bf4 Qd8 8. Bc4 0-0 9. Qd2 c6 10. 0-0-0 b5 11. Bb3 a5 12. a4 Qb6 13. Bh6 Nbd7 14. Bxg7 Kxg7 15. f3 Rb8 16. h4 h5 17. g4 e6 18. gxh5 Nxh5 19. Rhg1 Nxe5 20. dxe5 bxa4 21. Nxa4 Qb4 22. Rg4 Qxd2+ 23. Rxd2 Rb5 24. Re2 Rd8 25. Bc4 Rb8 26. Nc5 Kh6 27. Ne4 Rb4 28. Nd6 Kg7 29. c3 Rb6 30. Reg2 c5 31. Bd3 Rdxd6 32. exd6 Rxd6 33. Rd2 Bb7 34. Bxg6 fxg6 35. Rxd6 Bxf3 36. Rg5 Bd5 37. Rgxd5 exd5 38. Rxd5 Nf4 39. Rg5 a4 40. Kd2 c4 41. Ra5 Nd3 42. Kc2 Ne1+ 43. Kb1 Nf3 44. Rxa4 Kh6 45. Kc2 Kh5 46. Rxc4 Nxh4 47. b4 Nf5 48. b5 Ne3+ 49. Kd3 Nxc4 50. Kxc4 1-0

[Event "Xativa Murta op 3rd"]
[Site "Xativa"]
[Date "2017.07.19"]
[Round "3"]
[White "Valmana Canto, Jaime"]
[Black "Insa Alfonso, Pablo"]
[Result "1-0"]
[WhiteElo "2356"]
[BlackElo "2228"]
[PlyCount "95"]
[EventDate "2017.07.17"]
[EventType "swiss"]
[EventRounds "7"]
[EventCountry "ESP"]
[SourceTitle "CBM 179 Extra"]
[Source "ChessBase"]
[SourceDate "2017.08.23"]
[SourceVersion "1"]
[SourceVersionDate "2017.08.23"]
[SourceQuality "1"]

1. e4 c5 2. Nf3 Nc6 3. Bb5 g6 4. Bxc6 dxc6 5. d3 Bg7 6. 0-0 e5 7. Be3 Qe7 8. a3 f5 9. b4 f4 10. Bd2 g5 11. Ne1 h5 12. bxc5 Bg4 13. f3 Be6 14. d4 Qd7 15. d5 cxd5 16. exd5 Qxd5 17. Nc3 Qd4+ 18. Kh1 e4 19. fxe4 Qc4 20. Nf3 0-0-0 21. e5 h4 22. Nxg5 h3 23. gxh3 Bd7 24. Nce4 Bc6 25. Qg4+ Kb8 26. Qxf4 Rf8 27. Qxf8+ Bxf8 28. Rxf8+ Kc7 29. Rf7+ Kc8 30. Rf8+ Kd7 31. Re1 Rh4 32. e6+ Ke7 33. Rf7+ Ke8 34. Bf4 Qxc5 35. Nf3 Bxe4 36. Rxe4 Qf2 37. Bd6 Ne7 38. Nxh4 Qxc2 39. Rxe7+ Kd8 40. Rd7+ Ke8 41. Rf4 Qd1+ 42. Kg2 Qd2+ 43. Rf2 Qg5+ 44. Bg3 Qe3 45. Rdd2 Qe4+ 46. Nf3 Qg6 47. Rfe2 Ke7 48. Rd7+ 1-0

[Event "Mislata op 50th"]
[Site "Mislata"]
[Date "2016.08.14"]
[Round "9"]
[White "Galiana Fernandez, Adrian"]
[Black "Insa Alfonso, Pablo"]
[Result "1/2-1/2"]
[WhiteElo "2046"]
[BlackElo "2196"]
[PlyCount "25"]
[EventDate "2016.08.08"]
[EventType "swiss"]
[EventRounds "9"]
[EventCountry "ESP"]
[SourceTitle "CBM 173 Extra"]
[Source "ChessBase"]
[SourceDate "2016.08.29"]
[SourceVersion "1"]
[SourceVersionDate "2016.08.29"]
[SourceQuality "1"]

1. e4 c5 2. Nf3 Nc6 3. d4 cxd4 4. Nxd4 g6 5. c4 Nf6 6. Nc3 d6 7. Be2 Nxd4 8. Qxd4 Bg7 9. 0-0 0-0 10. Bg5 h6 11. Bd2 Be6 12. Qe3 Nd7 13. b3 1/2-1/2

[Event "Mislata op 50th"]
[Site "Mislata"]
[Date "2016.08.10"]
[Round "4"]
[White "Diaz Velandia, Jose Manuel"]
[Black "Insa Alfonso, Pablo"]
[Result "1-0"]
[WhiteElo "2343"]
[BlackElo "2196"]
[PlyCount "93"]
[EventDate "2016.08.08"]
[EventType "swiss"]
[EventRounds "9"]
[EventCountry "ESP"]
[SourceTitle "CBM 173 Extra"]
[Source "ChessBase"]
[SourceDate "2016.08.29"]
[SourceVersion "1"]
[SourceVersionDate "2016.08.29"]
[SourceQuality "1"]

1. Nf3 Nf6 2. d4 d5 3. e3 c5 4. c3 e6 5. Bd3 b6 6. 0-0 Bb7 7. Ne5 Bd6 8. f4 0-0 9. Nd2 Ne4 10. Qh5 f5 11. Nxe4 dxe4 12. Bc4 Qe7 13. Bd2 Ba6 14. Qe2 Bxc4 15. Qxc4 Bxe5 16. fxe5 Nc6 17. Rac1 Rac8 18. Qe2 Qg5 19. Rcd1 Rfd8 20. h3 c4 21. Qxc4 Qh6 22. Qe2 Rd7 23. b3 g5 24. Qf2 Ne7 25. c4 a5 26. Bc1 Rf8 27. Ba3 f4 28. Bxe7 Rxe7 29. Qc2 Qg6 30. Rde1 g4 31. Rxf4 gxh3 32. Qxe4 Qxe4 33. Rxe4 Rg7 34. Re2 Rf5 35. Kh2 hxg2 36. Rxg2 Rh5+ 37. Kg1 Rhg5 38. Rxg5 Rxg5+ 39. Kf2 Kf7 40. Rf4+ Ke7 41. Rf6 Rh5 42. Kg2 Rg5+ 43. Kf3 Rh5 44. Ke4 Rh4+ 45. Rf4 Rh2 46. d5 h5 47. Rf6 1-0

[Event "Rutas de Cuenca op 3rd"]
[Site "Cuenca"]
[Date "2016.06.18"]
[Round "4"]
[White "Insa Alfonso, Pablo"]
[Black "Perez Pascual, Arturo"]
[Result "1-0"]
[WhiteElo "2116"]
[BlackElo "1885"]
[PlyCount "43"]
[EventDate "2016.06.17"]
[EventType "swiss"]
[EventRounds "7"]
[EventCountry "ESP"]
[SourceTitle "EXT 2019"]
[Source "ChessBase"]
[SourceDate "2018.10.10"]
[SourceVersion "1"]
[SourceVersionDate "2018.10.10"]
[SourceQuality "1"]

1. e4 e5 2. Nf3 Nf6 3. Nxe5 d6 4. Nf3 Nxe4 5. d4 d5 6. Bd3 Bd6 7. 0-0 0-0 8. c4 c6 9. Qc2 Na6 10. a3 f5 11. Nc3 Nxc3 12. bxc3 Kh8 13. c5 Bc7 14. Bg5 Qe8 15. Rfe1 Qh5 16. Qd2 h6 17. Be7 Re8 18. Bd6 Bxd6 19. cxd6 Be6 20. Ne5 Rad8 21. g4 Qh3 22. Bf1 1-0

[Event "Rutas de Cuenca op 3rd"]
[Site "Cuenca"]
[Date "2016.06.18"]
[Round "5"]
[White "Moreto Quintana, Alexandre"]
[Black "Insa Alfonso, Pablo"]
[Result "0-1"]
[WhiteElo "2109"]
[BlackElo "2116"]
[PlyCount "134"]
[EventDate "2016.06.17"]
[EventType "swiss"]
[EventRounds "7"]
[EventCountry "ESP"]
[SourceTitle "EXT 2019"]
[Source "ChessBase"]
[SourceDate "2018.10.10"]
[SourceVersion "1"]
[SourceVersionDate "2018.10.10"]
[SourceQuality "1"]

1. Nf3 Nf6 2. c4 e6 3. g3 d5 4. b3 Be7 5. Bb2 0-0 6. Bg2 c5 7. 0-0 d4 8. e3 Nc6 9. exd4 cxd4 10. Re1 Qb6 11. d3 Bd6 12. Na3 a6 13. Nc2 e5 14. c5 Bxc5 15. Nxe5 Nxe5 16. Rxe5 Ng4 17. Re1 Qf6 18. Qf3 Rd8 19. b4 Ba7 20. Qxf6 Nxf6 21. Re7 Rb8 22. Rae1 h6 23. Bc1 Bd7 24. Na3 b5 25. Bf4 Rbc8 26. Bb7 Rc3 27. Nb1 Rxd3 28. Bxa6 Bb8 29. Rxd7 Nxd7 30. Bxb5 Bxf4 31. Bxd3 Bd6 32. Re4 Ne5 33. Ba6 f5 34. Rf4 Bxb4 35. Rxf5 Re8 36. Kg2 d3 37. f4 Ng4 38. Bxd3 Ne3+ 39. Kf3 Nxf5 40. Bxf5 Kf7 41. Be4 Rb8 42. Ke2 Kf6 43. h3 Rb6 44. Kd3 Ra6 45. Bd5 Be1 46. g4 Ra4 47. Bc4 Bg3 48. Nc3 Ra3 49. Bb3 Bxf4 50. Ne4+ Ke5 51. Nc5 Bg5 52. Ke2 Kf4 53. Kf2 Bh4+ 54. Kg2 Ra7 55. Nd3+ Ke3 56. Nb4 Rd7 57. Nd5+ Ke4 58. Nc3+ Kd4 59. Nd1 Re7 60. Kf3 g5 61. Kg2 Re2+ 62. Kg1 Kd3 63. Kh1 Kd2 64. Nb2 Ke3 65. Nc4+ Kf2 66. Nd6 Re1+ 67. Kh2 Bg3# 0-1

[Event "Rutas de Cuenca op 3rd"]
[Site "Cuenca"]
[Date "2016.06.17"]
[Round "1"]
[White "Insa Alfonso, Pablo"]
[Black "Moronta Furio, Diego"]
[Result "1-0"]
[WhiteElo "2116"]
[BlackElo "1856"]
[PlyCount "41"]
[EventDate "2016.06.17"]
[EventType "swiss"]
[EventRounds "7"]
[EventCountry "ESP"]
[SourceTitle "EXT 2019"]
[Source "ChessBase"]
[SourceDate "2018.10.10"]
[SourceVersion "1"]
[SourceVersionDate "2018.10.10"]
[SourceQuality "1"]

1. e4 c5 2. Nf3 Nc6 3. d4 cxd4 4. Nxd4 g6 5. Nc3 Bg7 6. Be3 Nf6 7. Bc4 0-0 8. Bb3 d6 9. f3 Bd7 10. Qd2 Nxd4 11. Bxd4 b5 12. a3 a5 13. 0-0 Qc7 14. Kh1 h5 15. Bxf6 exf6 16. Rfd1 Ra6 17. Qd3 Qc5 18. a4 f5 19. axb5 fxe4 20. Nxe4 Qxb5 21. Bc4 1-0

[Event "Xabia op 1st"]
[Site "Xabia"]
[Date "2015.04.25"]
[Round "3"]
[White "Del Valle Domenech, Rafael"]
[Black "Insa Alfonso, Pablo"]
[Result "1-0"]
[WhiteElo "2040"]
[BlackElo "2104"]
[PlyCount "91"]
[EventDate "2015.04.24"]
[EventType "swiss"]
[EventRounds "7"]
[EventCountry "ESP"]
[SourceTitle "EXT 2019"]
[Source "ChessBase"]
[SourceDate "2018.10.10"]
[SourceVersion "1"]
[SourceVersionDate "2018.10.10"]
[SourceQuality "1"]

1. d4 d5 2. c4 e6 3. Nc3 c6 4. e4 dxe4 5. Nxe4 Bb4+ 6. Nc3 c5 7. Nf3 cxd4 8. Nxd4 Bxc3+ 9. bxc3 Nf6 10. Ba3 Bd7 11. Qe2 Qa5 12. Bb4 Qh5 13. Qd2 Na6 14. Be2 Qg6 15. Bf3 Nxb4 16. cxb4 0-0 17. Bxb7 Rab8 18. Bf3 e5 19. Nc6 Bxc6 20. Bxc6 Ne4 21. Qd5 Nc3 22. Qf3 Qc2 23. b5 e4 24. Qe3 Rbd8 25. 0-0 f5 26. Qxa7 Ne2+ 27. Kh1 Qxc4 28. a4 f4 29. a5 f3 30. Qe3 fxg2+ 31. Kxg2 Nc3 32. Rfc1 Rf3 33. Rxc3 Qe6 34. Qxe4 Qh3+ 35. Kh1 Rxc3 36. Bd5+ Kh8 37. Qe7 Rdc8 38. Rg1 R3c7 39. Qe6 Qxe6 40. Bxe6 Rb8 41. b6 Rc2 42. Ra1 Rb2 43. Bd5 Rb5 44. Be4 Rb4 45. f3 g5 46. h3 1-0

[Event "Provincial-ch Burjassot Preferente"]
[Site "Valencia"]
[Date "2011.11.19"]
[Round "6"]
[White "Insa Alfonso, Pablo"]
[Black "Pino Fernandez, David"]
[Result "1-0"]
[WhiteElo "2050"]
[BlackElo "1781"]
[PlyCount "113"]
[EventDate "2011.10.01"]
[EventType "swiss"]
[EventRounds "7"]
[EventCountry "ESP"]
[SourceTitle "EXT 2024"]
[Source "ChessBase"]
[SourceDate "2023.10.10"]
[SourceVersion "1"]
[SourceVersionDate "2023.10.10"]
[SourceQuality "1"]

1. e4 e5 2. Nf3 Nc6 3. Bb5 d6 4. 0-0 Bd7 5. c3 Nf6 6. Re1 a6 7. Ba4 b5 8. Bc2 Bg4 9. h3 Bxf3 10. Qxf3 Be7 11. d3 h6 12. Nd2 0-0 13. Nf1 Nh7 14. Ng3 Bg5 15. Be3 Qf6 16. Nf5 Ne7 17. Qg4 Nxf5 18. exf5 Bxe3 19. fxe3 Qe7 20. Kh1 Nf6 21. Qf3 e4 22. dxe4 Rfe8 23. Rf1 Nxe4 24. f6 Nxf6 25. a4 b4 26. cxb4 Qxe3 27. Qc6 Qb6 28. Qc4 Rab8 29. Rf4 Re5 30. a5 Qb5 31. Qxc7 Rb7 32. Qd8+ Re8 33. Qxd6 Rd7 34. Qb6 Qxb6 35. axb6 Nd5 36. Ba4 Nxf4 37. Bxd7 Rb8 38. Rxa6 Nd5 39. b7 Rxb7 40. Bc6 Rxb4 41. Bxd5 Rxb2 42. Ra8+ Kh7 43. Bxf7 Rb6 44. h4 Rd6 45. h5 g6 46. hxg6+ Kg7 47. Rg8+ Kf6 48. Rh8 Rc6 49. Rxh6 Rc5 50. g4 Ra5 51. Kh2 Ra8 52. Kh3 Ra3+ 53. Kh4 Ra4 54. Rh5 Rb4 55. Rf5+ Kg7 56. Kg5 Rb7 57. Bd5 1-0

[Event "La Pobla de Vallbona op"]
[Site "La Pobla de Vallbona"]
[Date "2004.10.??"]
[Round "4"]
[White "Insa Alfonso, Pablo"]
[Black "Garcia Domingo, Jose Antonio"]
[Result "1-0"]
[WhiteElo "2049"]
[BlackElo "2072"]
[PlyCount "113"]
[EventDate "2004.10.??"]
[EventType "swiss"]
[EventRounds "8"]
[EventCountry "ESP"]
[SourceTitle "EXT 2006"]
[Source "ChessBase"]
[SourceDate "2005.11.24"]
[SourceVersion "1"]
[SourceVersionDate "2005.11.24"]
[SourceQuality "1"]

1. e4 e6 2. d4 d5 3. e5 c5 4. c3 Bd7 5. Nf3 Qb6 6. a3 Nc6 7. b4 cxb4 8. cxb4 f6 9. Bd3 f5 10. Bb2 a6 11. Nbd2 Na7 12. Rc1 Bb5 13. Qe2 Be7 14. Nb3 Nh6 15. 0-0 0-0 16. Nc5 Rfd8 17. Bxb5 axb5 18. Ne1 Rac8 19. Ned3 Rc6 20. h3 g6 21. Rce1 Qc7 22. Bc1 Nf7 23. Nf4 Qc8 24. g4 b6 25. Ncxe6 Rxe6 26. Nxe6 Qxe6 27. Be3 Rc8 28. f3 Rc4 29. Qd3 Bh4 30. Rc1 Bg3 31. gxf5 gxf5 32. f4 Nc6 33. Kh1 h5 34. Rg1 h4 35. Bf2 Rxc1 36. Rxc1 Bxf2 37. Qc2 Bxd4 38. Qxc6 Qxc6 39. Rxc6 Kf8 40. Rf6 Ke7 41. Rxf5 Be3 42. Kg2 d4 43. Kf3 Nd8 44. Rh5 Bc1 45. Rxh4 Bxa3 46. f5 Nf7 47. Ke4 Ng5+ 48. Kd5 d3 49. Rd4 Nxh3 50. f6+ Kf7 51. Kc6 Nf2 52. Rd7+ Kg6 53. Kxb5 Bb2 54. Rg7+ Kh6 55. Rg2 Bxe5 56. Rxf2 Bd6 57. Rd2 1-0

[Event "La Pobla de Vallbona op"]
[Site "La Pobla de Vallbona"]
[Date "2004.10.??"]
[Round "5"]
[White "Soriano Soler, Vicente"]
[Black "Insa Alfonso, Pablo"]
[Result "1-0"]
[WhiteElo "1913"]
[BlackElo "2049"]
[PlyCount "54"]
[EventDate "2004.10.??"]
[EventType "swiss"]
[EventRounds "8"]
[EventCountry "ESP"]
[SourceTitle "EXT 2006"]
[Source "ChessBase"]
[SourceDate "2005.11.24"]
[SourceVersion "1"]
[SourceVersionDate "2005.11.24"]
[SourceQuality "1"]

1. Nf3 d5 2. c4 e6 3. b3 f5 4. cxd5 exd5 5. Bb2 Nf6 6. g3 c6 7. Bg2 Bd6 8. e3 0-0 9. 0-0 Qe7 10. Nc3 Nbd7 11. Ne2 c5 12. Qc2 Nb6 13. Nh4 g6 14. a4 Be6 15. a5 Nbd7 16. Nf4 Bxf4 17. exf4 Qf7 18. d4 Rac8 19. Qd3 c4 20. bxc4 dxc4 21. Qa3 Bd5 22. Nf3 Bxf3 23. Bxf3 Ne4 24. Bxe4 fxe4 25. d5 Nf6 26. Rfd1 Nxd5 27. Rxd5 c3 1-0

[Event "Mislata op 12th"]
[Site "Mislata"]
[Date "2004.08.27"]
[Round "9"]
[White "Insa Alfonso, Pablo"]
[Black "Defez Gomez, Juan Francisco"]
[Result "1-0"]
[WhiteElo "2066"]
[BlackElo "2215"]
[PlyCount "103"]
[EventDate "2004.08.19"]
[EventType "swiss"]
[EventRounds "9"]
[EventCountry "ESP"]
[SourceTitle "EXT 2005"]
[Source "ChessBase"]
[SourceDate "2004.11.15"]
[SourceVersion "1"]
[SourceVersionDate "2004.11.15"]
[SourceQuality "1"]

1. e4 c6 2. d4 d5 3. Nc3 dxe4 4. Nxe4 Nd7 5. Ng5 Ngf6 6. Bc4 e6 7. Qe2 Nb6 8. Bb3 h6 9. N5f3 a5 10. a4 c5 11. Bf4 Nbd5 12. Be5 Ng4 13. 0-0-0 Nxe5 14. Nxe5 Nc7 15. Ngf3 Be7 16. dxc5 Bg5+ 17. Kb1 Qe7 18. h4 Bf6 19. g4 Qxc5 20. g5 Bxe5 21. Nxe5 hxg5 22. hxg5 Rxh1 23. Rxh1 Ke7 24. f4 Bd7 25. Qh5 Rf8 26. Rd1 Bc6 27. Qh7 Ne8 28. g6 f6 29. Nxc6+ Qxc6 30. Re1 Kd8 31. Rxe6 Qf3 32. Qh2 Kc8 33. Qe2 Qxe2 34. Rxe2 Kd8 35. Rd2+ Kc7 36. Rh2 f5 37. Rh7 Kc6 38. Bf7 Nd6 39. Rxg7 Nxf7 40. Rxf7 Rg8 41. g7 b6 42. c3 Kd6 43. Kc2 Ke6 44. Rb7 Kd5 45. Kd3 Kc5 46. b4+ axb4 47. cxb4+ Kc6 48. Rf7 Kd6 49. Rf6+ Kc7 50. Rg6 Rd8+ 51. Kc4 b5+ 52. Kxb5 1-0

[Event "Cullera op-A 25th"]
[Site "Cullera"]
[Date "2004.07.29"]
[Round "9"]
[White "Aymerich Rosell, Pablo"]
[Black "Insa Alfonso, Pablo"]
[Result "1/2-1/2"]
[WhiteElo "2151"]
[BlackElo "2066"]
[PlyCount "118"]
[EventDate "2004.07.??"]
[EventType "swiss"]
[EventRounds "9"]
[EventCountry "ESP"]
[SourceTitle "CBM 101 Extra"]
[Source "ChessBase"]
[SourceDate "2004.09.01"]
[SourceVersion "2"]
[SourceVersionDate "2004.09.01"]
[SourceQuality "1"]

1. d4 d5 2. c4 e6 3. Nc3 f5 4. g3 Nf6 5. Bg2 c6 6. Nf3 Bd6 7. 0-0 0-0 8. Rb1 Ne4 9. Nd2 Nxd2 10. Bxd2 b6 11. b4 Ba6 12. cxd5 exd5 13. Nxd5 Nd7 14. Nf4 Bxf4 15. Bxf4 Qf6 16. d5 c5 17. d6 Rae8 18. b5 Bc8 19. h4 h6 20. Qd2 Kh8 21. Rb3 a5 22. Bc6 Rd8 23. Re3 Rfe8 24. Rd1 Qf7 25. Re7 Qf6 26. Bxd7 Bxd7 27. Qe3 Bxb5 28. Rb1 Bc6 29. f3 Rb8 30. Qe5 Qxe5 31. Bxe5 Rxe7 32. dxe7 Re8 33. Bd6 b5 34. Bxc5 b4 35. Rd1 Bb5 36. Kf2 g6 37. Rd5 Bc4 38. Rd8 Bb5 39. Ke3 Kg7 40. Kd4 Kf7 41. e4 fxe4 42. Kxe4 Bc4 43. Rd2 b3 44. a4 Be6 45. Rb2 Bf5+ 46. Kd4 Bc2 47. Kc4 Ke6 48. Kb5 Ra8 49. Bb6 Kxe7 50. Bxa5 Kd6 51. Bb6 Bd3+ 52. Kb4 Bc2 53. a5 Kc6 54. Kc3 Kb5 55. f4 Rc8+ 56. Kd4 Ka4 57. Ke5 Ka3 58. Bd4 Ra8 59. Kf6 h5 1/2-1/2

[Event "Cullera op-A 25th"]
[Site "Cullera"]
[Date "2004.07.27"]
[Round "7"]
[White "Vazquez Gonzalez, Jesus"]
[Black "Insa Alfonso, Pablo"]
[Result "0-1"]
[WhiteElo "2062"]
[BlackElo "2066"]
[PlyCount "114"]
[EventDate "2004.07.??"]
[EventType "swiss"]
[EventRounds "9"]
[EventCountry "ESP"]
[SourceTitle "CBM 101 Extra"]
[Source "ChessBase"]
[SourceDate "2004.09.01"]
[SourceVersion "2"]
[SourceVersionDate "2004.09.01"]
[SourceQuality "1"]

1. e4 Nf6 2. Nc3 d5 3. e5 Nfd7 4. d4 e6 5. Qg4 c5 6. Be3 Nc6 7. Bb5 a6 8. Bxc6 bxc6 9. dxc5 Nxe5 10. Qa4 Nc4 11. Nf3 Bd7 12. 0-0-0 Nxe3 13. fxe3 Bxc5 14. Rhe1 0-0 15. Ne5 Be8 16. Qg4 Bd6 17. Nf3 Bd7 18. h4 e5 19. Qh5 f6 20. Nh2 Bb4 21. g4 g6 22. Qh6 Rf7 23. e4 d4 24. a3 Bf8 25. Qd2 dxc3 26. Qxc3 Qe8 27. Rg1 Be6 28. Rdf1 Bg7 29. Nf3 a5 30. Qd2 c5 31. Rf2 c4 32. Rh2 Rc7 33. Qc3 Rd7 34. g5 f5 35. exf5 Bxf5 36. Qxc4+ Qf7 37. Qxf7+ Rxf7 38. h5 e4 39. Nh4 Be5 40. hxg6 Bxg6 41. Re2 Rb8 42. Nxg6 Bxb2+ 43. Kd1 Rd7+ 44. Rd2 Rxd2+ 45. Kxd2 hxg6 46. Re1 Re8 47. a4 e3+ 48. Kd3 e2 49. Kd2 Be5 50. c4 Bf4+ 51. Kd3 Bxg5 52. c5 Bh4 53. Rxe2 Rxe2 54. Kxe2 Kf7 55. Kd3 Be7 56. Kd4 Ke6 57. Kc4 Bd8 0-1